Caracterización agroecológica de la Zona Cafetera colombiana : (Registro nro. 6072)
[ vista simple ]
| 000 -CABECERA | |
|---|---|
| Campo de control | 00836nam a2200217 a 4500 |
| 005 - FECHA Y HORA DE LA ULTIMA TRANSACCION | |
| Campo de control | 20200104041606.0 |
| 008 - ELEMENTOS DE LONGITUD FIJA—INFORMACION GENERAL | |
| Campo de control | 160109b1993 ck abd fr|||| 00| 0 spa d |
| 040 ## - FUENTE DE CATALOGACIÓN | |
| Agencia catalogadora original | CO-BoIAVH |
| Agencia transcriptora | CO-BoIAVH |
| 041 0# - IDIOMA | |
| Código de idioma para texto/pista de sonido o título separado | Español |
| 044 ## - PAÍS DE PUBLICACIÓN | |
| País de publicación | Colombia |
| 082 04 - NUMERO DE CLASIFICACION DECIMAL DEWEY | |
| Número de clasificación | 577.57098 |
| Número del ítem | C25c |
| 110 2# - ASIENTO PRINCIPAL--NOMBRE CORPORATIVO | |
| Unidad subordinad | Federación Nacional de Cafeteros de Colombia |
| 9 (RLIN) | 19373 |
| 245 1# - MENCION DE TITULO | |
| Título | Caracterización agroecológica de la Zona Cafetera colombiana : |
| Parte restante del título | avance de resultados / |
| Mención de responsabilidad | Federación Nacional de Cafeteros de Colombia; ecotopos cafeteros |
| 260 ## - PUBLICACION, DISTRIBUCION, ETC. (PIE DE IMPRENTA) | |
| Lugar de publicación, distribución, etc. | Bogotá : |
| Nombre del editor, distribuidor, etc. | Federación Nacional de Cafeteros de Colombia, |
| Fecha de publicación, distribución, etc. | 1993. |
| 300 ## - DESCRIPCION FISICA | |
| Extensión | 84 páginas : |
| Otros detalles físicos | Ilustraciones, mapas, gráficos ; |
| Dimensiones | 27 x 22 cm. |
| 650 06 - ASIENTO SECUNDARIO DE MATERIA - TERMINO TEMATICO | |
| Término temático o nombre geográfico como elemento de entrada | Agroecología |
| 9 (RLIN) | 230 |
| 650 06 - ASIENTO SECUNDARIO DE MATERIA - TERMINO TEMATICO | |
| Término temático o nombre geográfico como elemento de entrada | Caracterización ecológica |
| 9 (RLIN) | 4545 |
| 650 06 - ASIENTO SECUNDARIO DE MATERIA - TERMINO TEMATICO | |
| Término temático o nombre geográfico como elemento de entrada | Café |
| Subdivisión general | agricultura |
| 9 (RLIN) | 48922 |
| 650 06 - ASIENTO SECUNDARIO DE MATERIA - TERMINO TEMATICO | |
| Término temático o nombre geográfico como elemento de entrada | Zona cafetera |
| 9 (RLIN) | 48923 |
| 942 ## - ELEMENTOS ADICIONALES (KOHA) | |
| Tipo de ítem | Libro |
| Sistema de clasificación | Dewey Decimal Classification |
| Withdrawn status | Lost status | Sistema de Clasificación | Damaged status | No para préstamo | Colección | Inventariado | Ubicación Permanente | Ubicación actual | Fecha de adquisición | Fuente de Valor | Valor | Total Checkouts | Número topográfico | Inventario / Código de Barras | Date last seen | Ejemplar | Price effective from | Forma de adquisición | Tipo de material |
|---|---|---|---|---|---|---|---|---|---|---|---|---|---|---|---|---|---|---|---|
| Dewey Decimal Classification | General | Inventariado 2017 | Bogotá | Bogotá | 26/12/2007 | Instituto | 39000.00 | LB-577.57098 C25c | 025614 | 04/12/2012 | Ej.1 | 04/12/2012 | Libro |